000 00490 a2200193 4500
005 20260127101925.0
008 260122b |||||||| |||| 00| 0 eng d
020 _a9788197115028
_cRs. 2295.00
040 _aMAIN
082 _a664.024
_bR812F
100 _aRoy, Anuradha
245 _aFood processing technology
260 _bYking Books
_c2024
_aJaipur
300 _avi, 291
650 _aFood Technology
650 _aFood Processing
650 _aFood Preservation
942 _cBK
999 _c395567
_d395567